| 000 | 01200nam a2200277Ia 4500 | ||
|---|---|---|---|
| 003 | GCL | ||
| 008 | 140319s9999 xx 000 0 ara d | ||
| 020 | _a9266048977 | ||
| 040 |
_aGCL / _cGCL |
||
| 082 | 0 | 4 |
_aق _b953.095312 _bم د |
| 100 | 1 | _aمحمد على فهيم بيومى | |
| 245 | 1 | 0 |
_aدور مصر فى الحياة العلمية فى الحجاز ابان العصر العثمانى ( 923 - 1220 هـ -1517 1805 م ) / _cمحمد على فهيم بيومى |
| 250 | _aالاولى | ||
| 260 |
_aالقاهرة : _bدار القاهرة ، _c2006 |
||
| 300 |
_a786 ص ؛ _c24 سم |
||
| 650 | 0 | 4 | _aالوقف |
| 650 | 0 | 4 | _aالعلوم عند العرب |
| 650 | 0 | 4 | _aمصر - الاحوال الثقافية |
| 650 | 0 | 4 | _aمصر - تاريخ - العصر العثمانى ( 1517-1914 م ) |
| 650 | 0 | 4 | _aمصر - الاحوال الاقتصادية - تاريخ - الحجاز |
| 650 | 0 | 4 | _aمصر - الاحوال الاجتماعية - تاريخ - الحجاز |
| 650 | 0 | 4 | _aمصر - الاحوال السياسية - تاريخ - الحجاز |
| 650 | 0 | 4 | _aالعلوم - تاريخ - مصر |
| 650 | 0 | 4 | _aالعلوم - تاريخ - الحجاز |
| 942 |
_2ddc _cBK |
||
| 999 |
_c8247 _d8247 |
||